Global Civil Society : 2004/5 /

Sociedad civil global es un término asociado con la acción internacional de apoyo, de trabajo de organizaciones no gubernamentales y redes de apoyo ecológico, económico, político o social. Desde 2001 se publica anualmente un volumen en que se discute la importancia de la sociedad civil global y se o...

Full description

Saved in:
Bibliographic Details
Main Author: Anheier, Helmut (ed.)
Other Authors: Glasius, Marlies (edición) (edición), Kaldor, Mary (edición) (edición)
Format: Book
Language:English
Published: Londres, Inglaterra : Los Angeles, EUA : London School of Economics and Political Science, Centre for the Study of Global Governance ; University of California, Center for Civil Society, 2005, c2005
Subjects:
Tags: Add Tag
No Tags, Be the first to tag this record!

MARC

LEADER 00000nam^a2200000^a^4500
001 000182830
005 20250521000000.0
009 20260310102020.805
020 |a 1-4129-0307-6 
037 |a Acervo ITESO - Biblioteca 
041 |a ING 
082 |a 327. 03  |b GLO 2004 
100 |a Anheier, Helmut  |e (ed.) 
240 1 1 |a [Global Civil Society] 
245 1 0 |a Global Civil Society :  |b 2004/5 /  |c Ed. de H. Anheier, M. Glasius, M. Kaldor . 
264 4 |a Londres, Inglaterra :  |b London School of Economics and Political Science, Centre for the Study of Global Governance ;  |a Los Angeles, EUA :  |b University of California, Center for Civil Society,  |c 2005, c2005 
300 |a XIII, 375 p. 
336 |a texto  |b txt  |2 rdacontenido 
337 |a sin mediación  |b n  |2 rdamedio 
338 |a volumen  |b nc  |2 rdasoporte 
520 |a Sociedad civil global es un término asociado con la acción internacional de apoyo, de trabajo de organizaciones no gubernamentales y redes de apoyo ecológico, económico, político o social. Desde 2001 se publica anualmente un volumen en que se discute la importancia de la sociedad civil global y se ofrecen datos sobre qué, cuánto y cómo se ha desarrollado. Cada anuario está estructurado en cuatro grandes apartados: la revisión del concepto de sociedad civil global; cuestiones en que interviene la sociedad civil global; infraestructura de la sociedad civil global; registros de la sociedad civil global. 
649 |a XX 
650 |a Sociedad Civil 
650 |a Diversidad Cultural 
650 |a Petróleo -  |x Aspectos Económicos 
650 |a Comercio Internacional 
650 |a Intervención Social 
650 |a Organizaciones No Gubernamentales 
650 |a Organizaciones Internacionales 
650 |a Organizaciones Internacionales 
650 |a Cooperación Internacional -  |x Anuarios 
650 |a Finanzas Internacionales -  |x Anuarios 
650 |a Globalización -  |x Anuarios 
650 |a Política Internacional -  |x Historia -  |y 2000-2009 
650 |a Política Internacional -  |x Publicaciones Periódicas Inglesas 
650 |a Política Internacional -  |x Anuarios 
650 |a Publicaciones Periódicas Inglesas 
650 |a Anuarios 
700 |a Glasius, Marlies  |e (edición) 
700 |a Kaldor, Mary  |e (edición) 
910 |a Fondo General 
920 |a Impresos - Libros 
930 |a Obras de Referencia 
905 |a 102 
901 |a 0500122525  |b IT2  |c REF  |u 20250521 
902 |a https://opac.biblio.iteso.mx/vufind/Record/000182830